<?xml version="1.0" encoding="UTF-8"?>
<marc:record xmlns:marc="http://www.loc.gov/MARC21/slim">
   <marc:leader>00000nam a2200000 a 4500</marc:leader>
   <marc:datafield ind1="1" ind2=" " tag="100">
      <marc:subfield code="a">M.S.C.T.</marc:subfield>
      <marc:subfield code="4">aut</marc:subfield>
      <marc:subfield code="e">Verfasser/-in</marc:subfield>
   </marc:datafield>
   <marc:datafield ind1=" " ind2=" " tag="653">
      <marc:subfield code="a">Erzählungen</marc:subfield>
   </marc:datafield>
   <marc:datafield ind1=" " ind2=" " tag="653">
      <marc:subfield code="a">Psychothriller</marc:subfield>
   </marc:datafield>
   <marc:datafield ind1=" " ind2=" " tag="653">
      <marc:subfield code="a">Fantastik</marc:subfield>
   </marc:datafield>
   <marc:datafield ind1=" " ind2=" " tag="653">
      <marc:subfield code="a">Erotik (unzensiert und off-standard)</marc:subfield>
   </marc:datafield>
   <marc:datafield ind1=" " ind2=" " tag="653">
      <marc:subfield code="a">Norden (Europas)</marc:subfield>
   </marc:datafield>
   <marc:datafield ind1=" " ind2=" " tag="653">
      <marc:subfield code="a">Psychologie</marc:subfield>
   </marc:datafield>
   <marc:datafield ind1=" " ind2=" " tag="653">
      <marc:subfield code="a">Fiktionale Darstellung</marc:subfield>
   </marc:datafield>
   <marc:datafield ind1=" " ind2=" " tag="653">
      <marc:subfield code="a">Historische Romane und Erzählungen</marc:subfield>
   </marc:datafield>
   <marc:datafield ind1="0" ind2="0" tag="245">
      <marc:subfield code="a">Zwei wie Leben und Tod</marc:subfield>
   </marc:datafield>
   <marc:datafield ind1="0" ind2="0" tag="245">
      <marc:subfield code="b">Mauern der Vergangenheit ; ein Kriminalroman der anderen Art</marc:subfield>
   </marc:datafield>
   <marc:datafield ind1="0" ind2="0" tag="245">
      <marc:subfield code="c">M.S.C.T.</marc:subfield>
   </marc:datafield>
   <marc:datafield ind1=" " ind2="1" tag="264">
      <marc:subfield code="a">Borsdorf</marc:subfield>
      <marc:subfield code="b">edition winterwork</marc:subfield>
   </marc:datafield>
   <marc:datafield ind1="1" ind2=" " tag="520">
      <marc:subfield code="a">Angaben aus der Verlagsmeldung

Zwei wie Leben und Tod : - Mauern der Vergangenheit - / von M. S.C.T.

Ein kleines Städtchen im Norden. Irgendwann um 1850.Ein neuer kriminalistischer Fall gilt gelöst zu werden, eigentlich nichts Ungewöhnliches für Varg. Der entscheidende Unterschied aber - das Opfer ist nicht bloß eine beliebige Fremde für den jungen, einzelgängerischen Ermittler. Als wäre die Lage nicht schon verdrießlich genug, stellt ihm sein Auftraggeber auch noch einen vollkommen konträren Kollegen zur Seite. Arttu erkennt schnell, dass weitaus mehr als kalte Eigenbrötlerei unter Vargs rauer Schale steckt und es entwickelt sich eine sehr eigene Art von Freundschaft zwischen den beiden.
Mit den Ermittlungen beginnt für Varg eine Reise in die eigene Vergangenheit. Diese Reise ermöglicht ihm - durch Arttus Hilfe - die Aufarbeitung der eigenen Geschichte bis hin zu der Erkenntnis, dass er sich seine Einsamkeit selbst gemacht hat und endlich dazu bereit ist, die eigene festgefahrene Meinung diesbezüglich zu ändern. Varg aber ist alles andere als gewöhnlich - ob man seine Gabe der Fantastik zuschreibt, oder aber seine Eigenheiten auf dem Gebiet der psychiatrischen Medizin erklärbar macht, bleibt einzig und alleine dem Leser überlassen. Auch unzensierte Erotikszenen finden - nicht zu knapp - ihren Platz in diesem Buch.
</marc:subfield>
   </marc:datafield>
   <marc:datafield ind1=" " ind2=" " tag="020">
      <marc:subfield code="a">9783960140078</marc:subfield>
      <marc:subfield code="9">9783960140078</marc:subfield>
   </marc:datafield>
   <marc:datafield ind1=" " ind2=" " tag="020">
      <marc:subfield code="a">396014007X</marc:subfield>
      <marc:subfield code="9">396014007X</marc:subfield>
   </marc:datafield>
   <marc:datafield ind1=" " ind2=" " tag="041">
      <marc:subfield code="a">ger</marc:subfield>
   </marc:datafield>
   <marc:datafield ind1=" " ind2=" " tag="300">
      <marc:subfield code="a">552 Seiten</marc:subfield>
   </marc:datafield>
</marc:record>
